000 00648nam a2200205Ia 4500
003 GCL
008 140319s9999 xx 000 0 ara d
040 _aGCL /
_cGCL
082 0 4 _a301.31
_bا ت
100 1 _aابوبكر صديق سالم
245 1 0 _aالتلوث المعضلة والحل /
_cابوبكر صديق سالم
260 _a[S.N] :
_bمركز الكتب الثقافية ،
_c1989
300 _a301 ص
490 _aسلسلة الاسس التكنولوجية
_v0
650 0 4 _aتلوث البيئة
650 0 4 _aالضوضاء
650 0 4 _aتلوث المياه
650 0 4 _aتلوث الهواء
942 _2ddc
_cBK
999 _c47702
_d47702